| 000 | 01916cam a2200373 a 4500 | ||
|---|---|---|---|
| 001 | 16226905 | ||
| 003 | OSt | ||
| 005 | 20251128103523.0 | ||
| 008 | 100511s2010 ilu b 000 0 eng | ||
| 010 | _a 2010019857 | ||
| 020 |
_a9780830838370 _qpbk. : alk. paper |
||
| 020 |
_a0830838376 _qpbk. : alk. paper |
||
| 035 | _a16226905 | ||
| 035 | _a(OCoLC)624547110 | ||
| 040 |
_aDLC _cDLC _dYDX _dYDXCP _dCDX _dDTM _dDLC |
||
| 050 | 0 | 0 |
_aBV4427 _b.T39 2010 |
| 082 | 0 | 0 |
_a253.084/2 _222 |
| 100 | 1 |
_aTaylor, Adam, _d1976- |
|
| 245 | 1 | 0 |
_aMobilizing hope : _bfaith-inspired activism for a post-civil rights generation / _cAdam Taylor ; foreword by Jim Wallis. |
| 260 |
_aDowners Grove, Ill. : _bIVP Books, _cc2010. |
||
| 300 |
_a236 p. ; _c21 cm. |
||
| 336 |
_atext _btxt _2rdacontent |
||
| 337 |
_aunmediated _bn _2rdamedia |
||
| 338 |
_avolume _bnc _2rdacarrier |
||
| 504 | _aIncludes bibliographical references (p. [230]-236). | ||
| 505 | 0 | _aThe next generation / Jim Wallis -- The transformed nonconformist -- Activism is a story of faith -- Getting to the root cause of injustice -- Following a holistic Jesus -- Pragmatic solidarity and hopeful activism -- The character of transformed nonconformism -- Redeeming the American dream : from rugged individualism to the beloved community -- New wine for a changed world -- Racial reconciliation and racial justice -- From narrow nationalism to global leadership and citizenship -- From solely service to civic discipleship -- A lifetime sojourn -- Afterword / John Lewis. | |
| 650 | 0 | _aYouth in church work. | |
| 650 | 0 |
_aSocial justice _xReligious aspects _xChristianity. |
|
| 650 | 0 |
_aRadicalism _xReligious aspects _xChristianity. |
|
| 906 |
_a7 _bcbc _corignew _d1 _eecip _f20 _gy-gencatlg |
||
| 942 |
_2lcc _cBK |
||
| 999 |
_c20767 _d20766 |
||